1/10 of Mark 1 Quiz Stats

 Plays Quiz not verified by Sporcle

Also try: 1/10 of Mark 2
Challenge
Share
Tweet
Embed
Score 0/93 Timer 09:00
0 Plays Today
Mark 1 % Correct
there also: for therefore came I forth. (39) And he preached
88.6%
unto him, I will; be thou clean. (42) And as soon
86.1%
a little farther thence, he saw James the son of
84.8%
us go into the next towns, that I may preach
84.8%
(1:1) The beginning of the gospel of Jesus Christ, the Son
83.5%
in those days, that Jesus came from Nazareth of Galilee,
83.5%
him. (14) Now after that John was put in prison, Jesus
83.5%
to blaze abroad the matter, insomuch that Jesus could no
83.5%
mightier than I after me, the latchet of whose shoes
82.3%
indeed have baptized you with water: but he shall baptize
82.3%
up out of the water, he saw the heavens opened,
82.3%
beloved Son, in whom I am well pleased. (12) And immediately
82.3%
with thee, thou Jesus of Nazareth? art thou come to
82.3%
One of God. (25) And Jesus rebuked him, saying, Hold thy
82.3%
he came out of him. (27) And they were all amazed,
82.3%
of her. (31) And he came and took her by the
82.3%
of a skin about his loins; and he did eat
81%
gospel. (16) Now as he walked by the sea of Galilee,
81%
unto them, Come ye after me, and I will make
81%
he healed many that were sick of divers diseases, and
81%
he went out, and began to publish it much, and
81%
and was baptized of John in Jordan. (10) And straightway coming
79.7%
into the sea: for they were fishers. (17) And Jesus said
79.7%
Capernaum; and straightway on the sabbath day he entered into
79.7%
doctrine: for he taught them as one that had authority,
79.7%
men seek for thee. (38) And he said unto them, Let
79.7%
the spirit driveth him into the wilderness. (13) And he was
78.5%
he saw Simon and Andrew his brother casting a net
78.5%
destroy us? I know thee who thou art, the Holy
78.5%
as he had spoken, immediately the leprosy departed from him,
78.5%
say nothing to any man: but go thy way, shew
78.5%
Mark 1 % Correct
I send my messenger before thy face, which shall prepare
77.2%
his paths straight. (4) John did baptize in the wilderness, and
77.2%
I am not worthy to stoop down and unloose. (8) I
77.2%
of God is at hand: repent ye, and believe the
77.2%
their nets, and followed him. (19) And when he had gone
77.2%
Zebedee, and John his brother, who also were in the
77.2%
synagogue a man with an unclean spirit; and he cried
77.2%
he even the unclean spirits, and they do obey him.
77.2%
of the synagogue, they entered into the house of Simon
77.2%
up a great while before day, he went out, and
77.2%
wilt, thou canst make me clean. (41) And Jesus, moved with
77.2%
and he was cleansed. (43) And he straitly charged him, and
77.2%
of God; (2) As it is written in the prophets, Behold,
75.9%
came into Galilee, preaching the gospel of the kingdom of
75.9%
you to become fishers of men. (18) And straightway they forsook
75.9%
ship mending their nets. (20) And straightway he called them: and
75.9%
thy way before thee. (3) The voice of one crying in
74.7%
him in the river of Jordan, confessing their sins. (6) And
74.7%
you with the Holy Ghost. (9) And it came to pass
74.7%
there in the wilderness forty days, tempted of Satan; and
74.7%
peace, and come out of him. (26) And when the unclean
74.7%
(40) And there came a leper to him, beseeching him, and
74.7%
God, (15) And saying, The time is fulfilled, and the kingdom
73.4%
lay sick of a fever, and anon they tell him
73.4%
kneeling down to him, and saying unto him, If thou
73.4%
desert places: and they came to him from every quarter.
73.4%
the wilderness, Prepare ye the way of the Lord, make
72.2%
(5) And there went out unto him all the land of
72.2%
out, (24) Saying, Let us alone; what have we to do
72.2%
this? what new doctrine is this? for with authority commandeth
72.2%
speak, because they knew him. (35) And in the morning, rising
72.2%
Mark 1 % Correct
thyself to the priest, and offer for thy cleansing those
72.2%
preach the baptism of repentance for the remission of sins.
70.9%
Judaea, and they of Jerusalem, and were all baptized of
70.9%
there came a voice from heaven, saying, Thou art my
70.9%
they left their father Zebedee in the ship with the
70.9%
in their synagogues throughout all Galilee, and cast out devils.
69.6%
things which Moses commanded, for a testimony unto them. (45) But
69.6%
and not as the scribes. (23) And there was in their
68.4%
spirit had torn him, and cried with a loud voice,
68.4%
insomuch that they questioned among themselves, saying, What thing is
68.4%
and Andrew, with James and John. (30) But Simon's wife's mother
68.4%
cast out many devils; and suffered not the devils to
68.4%
when they had found him, they said unto him, All
68.4%
compassion, put forth his hand, and touched him, and saith
67.1%
forthwith sent him away; (44) And saith unto him, See thou
67.1%
more openly enter into the city, but was without in
67.1%
John was clothed with camel's hair, and with a girdle
65.8%
and the Spirit like a dove descending upon him: (11) And
65.8%
her, and she ministered unto them. (32) And at even, when
65.8%
the sun did set, they brought unto him all that
65.8%
and they that were with him followed after him. (37) And
65.8%
hired servants, and went after him. (21) And they went into
64.6%
was with the wild beasts; and the angels ministered unto
63.3%
the synagogue, and taught. (22) And they were astonished at his
63.3%
locusts and wild honey; (7) And preached, saying, There cometh one
62%
(28) And immediately his fame spread abroad throughout all the region
62%
round about Galilee. (29) And forthwith, when they were come out
62%
departed into a solitary place, and there prayed. (36) And Simon
60.8%
hand, and lifted her up; and immediately the fever left
58.2%
all the city was gathered together at the door. (34) And
58.2%
were diseased, and them that were possessed with devils. (33) And
55.7%

You're not logged in!

Compare scores with friends on all Sporcle quizzes.
OR
Log In

You Might Also Like...

Show Comments

Extras

Top Quizzes Today


Score Distribution

Your Account Isn't Verified!

In order to create a playlist on Sporcle, you need to verify the email address you used during registration. Go to your Sporcle Settings to finish the process.

Report this User

Report this user for behavior that violates our Community Guidelines.

Details: